000 01061nam a2200289 i 4500
001 000044152
003 DO-SdBNP
005 20250116073944.0
007 ta
008 140602s2004 dr ad 000 0 spa d
040 _aDO-SdBNP
_bspa
_cBNPHU
_erda
082 _a372.19
_bR426e
_222
110 1 _aRepública Dominicana.
_bSecretaría de Estado de Educación, Bellas Artes y Cultos
_923965
245 0 0 _aEvaluación uso e impacto de los libros de texto y cuadernos de trabajo (1994-1995)
264 _aSanto Domingo :
_bPalanificación Educativa,
_cfechoa no identificada
300 _a112 paginas. :
_bilustraciones., gráficas. ;
_c22 cm.
336 _2rdacontent
_atexto
_btxt
337 _2rdamedia
_asin media
_bn
338 _2rdacarrier
_avolumen
_bnc
490 1 _aFortalecimiento institucionales
590 _aInventariado, 2024 / DG
650 4 _aEducación primaria
_xLibros de texto
_984763
650 4 _aEducación primaria
_zRepública Dominicana
_9740
830 0 _aFortalecimiento institucionales
_972166
910 _aDG
942 _2ddc
_cLBS1
999 _c43641
_d43641